| Tag |
First Indicator |
Second Indicator |
Subfields |
| LEADER |
00000cas a2200000 4500 |
| 001 |
in00000204921 |
| 005 |
20160502102753.0 |
| 008 |
751101c19229999maumx p 0 a0eng |
| 010 |
|
|
|a 25010769
|
| 035 |
|
|
|a (OCoLC)ocm01751795
|
| 040 |
|
|
|a DLC
|b eng
|c MUL
|d FUL
|d YUS
|d NSD
|d COO
|d DLC
|d NSD
|d OCL
|d RCS
|d NST
|d AIP
|d NSD
|d AIP
|d HUL
|d AIP
|d DLC
|d HUL
|d AIP
|d DLC
|d AIP
|d OCL
|d NST
|d OCL
|d NST
|d AGL
|d NST
|d NSD
|d HUL
|d OCL
|d HNK
|d OCLCQ
|d NLGGC
|d GK8
|d NLM
|d LVB
|d HUL
|d DOS
|d RCJ
|d OCLCQ
|d UKMGB
|d OCLCQ
|d CUV
|d DLC
|d BEDGE
|d IDA
|d MZA
|d OCLCF
|d OCLCO
|d STL
|d OCLCA
|d EUW
|d OCLCO
|d OCL
|d OCLCO
|d OCLCQ
|d OCLCO
|d RDF
|d OCLCO
|d OCLCQ
|d OCLCO
|
| 016 |
7 |
|
|a H02440000
|2 DNLM
|
| 016 |
7 |
|
|a 009199216
|2 Uk
|
| 019 |
|
|
|a 1068253
|a 1369474
|a 17557786
|a 145396757
|a 200657416
|a 255559506
|a 796978208
|a 875615129
|a 896088670
|
| 022 |
|
|
|a 0017-8012
|l 0017-8012
|2 1
|
| 029 |
1 |
|
|a AU@
|b 000021793222
|
| 029 |
1 |
|
|a AU@
|b 000023045595
|
| 029 |
1 |
|
|a NZ1
|b 104855
|
| 029 |
1 |
|
|a NZ1
|b 14311221
|
| 029 |
1 |
|
|a NZ1
|b 14488615
|
| 029 |
1 |
|
|a NZ1
|b 5091860
|
| 030 |
|
|
|a HABRAX
|
| 035 |
|
|
|a (OCoLC)1751795
|z (OCoLC)1068253
|z (OCoLC)1369474
|z (OCoLC)17557786
|z (OCoLC)145396757
|z (OCoLC)200657416
|z (OCoLC)255559506
|z (OCoLC)796978208
|z (OCoLC)875615129
|z (OCoLC)896088670
|
| 042 |
|
|
|a nsdp
|a pcc
|
| 050 |
0 |
0 |
|a HF5001
|b .H3
|
| 060 |
0 |
0 |
|a W1
|b HA63E
|
| 082 |
0 |
4 |
|a 330.9/04
|
| 049 |
|
|
|a TXAM
|
| 210 |
0 |
|
|a Harvard bus. rev.
|
| 222 |
|
0 |
|a Harvard business review
|
| 245 |
0 |
0 |
|a Harvard business review.
|
| 246 |
1 |
|
|a HBR
|f <Jan. 2008->
|
| 264 |
|
1 |
|a Boston :
|b Graduate School of Business Administration, Harvard University
|
| 300 |
|
|
|a volumes :
|b illustrations ;
|c 23-29 cm
|
| 310 |
|
|
|a 10 issues per year,
|b <2013>-
|
| 321 |
|
|
|a 12 times a year,
|b 2002-
|
| 321 |
|
|
|a Quarterly,
|b 1922-1947
|
| 321 |
|
|
|a Bimonthly,
|b 1948-2000
|
| 321 |
|
|
|a 11 times a year,
|b 2001
|
| 336 |
|
|
|a text
|b txt
|2 rdacontent
|
| 337 |
|
|
|a unmediated
|b n
|2 rdamedia
|
| 338 |
|
|
|a volume
|b nc
|2 rdacarrier
|
| 362 |
0 |
|
|a v. 1- Oct. 1922-
|
| 525 |
|
|
|a Supplements accompany some numbers.
|
| 525 |
|
|
|a Annual index published <2004-> as an annual supplement with title: Reader's guide.
|
| 588 |
|
|
|a Latest issue consulted: Vol. 80, no. 1 (Jan. 2008).
|
| 650 |
|
0 |
|a Business
|v Periodicals.
|
| 650 |
|
0 |
|a Economic history
|v Periodicals.
|
| 650 |
1 |
2 |
|a Commerce.
|
| 650 |
2 |
2 |
|a Economics.
|
| 650 |
|
6 |
|a Affaires
|v Périodiques.
|
| 650 |
|
6 |
|a Histoire économique
|v Périodiques.
|
| 650 |
|
7 |
|a Affaires.
|2 eclas
|
| 650 |
|
7 |
|a Histoire économique.
|2 eclas
|
| 650 |
|
7 |
|a Mensuels.
|2 eclas
|
| 651 |
|
7 |
|a Etats-Unis d'Amérique.
|2 eclas
|
| 650 |
|
7 |
|a Business.
|2 fast
|0 (OCoLC)fst00842262
|
| 650 |
|
7 |
|a Economic history.
|2 fast
|0 (OCoLC)fst00901974
|
| 650 |
1 |
7 |
|a Bedrijven.
|2 gtt
|
| 655 |
|
2 |
|a Periodicals.
|
| 655 |
|
4 |
|a Electronic journals.
|
| 655 |
|
7 |
|a Law reviews.
|2 fast
|0 (OCoLC)fst01774277
|
| 655 |
|
7 |
|a Periodicals.
|2 fast
|0 (OCoLC)fst01411641
|
| 655 |
|
7 |
|a Law reviews.
|2 lcgft
|
| 655 |
|
7 |
|a Periodicals.
|2 rbgenr
|
| 740 |
0 |
2 |
|a Harvard business review reader's guide.
|
| 767 |
0 |
|
|t Harvard business review. Chinese. HafoOu Ya gong shang ping lun
|w (DLC)sc 84005102
|w (OCoLC)10679948
|
| 767 |
0 |
|
|t Harvard business review. Finnish. Harvard aikakauskirja
|w (DLC)sc 85005394
|w (OCoLC)11196565
|
| 767 |
0 |
|
|t Harvard business review. German. Harvard business manager
|w (DLC)sn 94030161
|w (OCoLC)29150039
|
| 767 |
0 |
|
|t Harvard business review. Italian. Harvard espansione
|g 1970-1991
|w (DLC)sn 97033431
|w (OCoLC)25882444
|
| 767 |
0 |
|
|t Harvard business review (Edizione italiana)
|g <1995->
|w (DLC)sn 97033433
|w (OCoLC)35055039
|
| 767 |
0 |
|
|t Harvard business review. Spanish. Harvard Deusto business review
|x 0210-900X
|w (DLC)sn 95033634
|w (OCoLC)33246661
|
| 767 |
0 |
|
|t Harvard business review (Santiago, Chile)
|x 0717-9952
|w (DLC) 2007234167
|w (OCoLC)80930661
|
| 767 |
0 |
|
|t Harvard business review. Polish. Harvard business review Polska
|w (DLC) 2007234168
|w (OCoLC)77728481
|
| 776 |
0 |
8 |
|i Online version:
|t Harvard business review
|w (OCoLC)562262098
|
| 850 |
|
|
|a CaMWP
|a CaOOE
|a CaOOEDC
|a CaOOJ
|a CaOTM
|a CtY-L
|a DLC
|a DNAL
|a DSI
|a MH-BA
|a MH-KG
|a MH-L
|a NcRS
|a OCU
|a OU
|a PPiU-H
|a TU-M
|a ViBlbV
|a ViU
|
| 949 |
|
|
|a updated
|b h
|c 2016/5/2
|e spoltoratski
|f 10:27:29 am
|
| 994 |
|
|
|a C0
|b TXA
|
| 999 |
f |
f |
|s bea7b260-c5c1-3d04-8c10-e044117ed250
|i 949f40cd-4b2c-3fab-908c-1ca1890aadb2
|t 0
|
| 952 |
f |
f |
|a Texas A&M University
|b Rellis Campus
|c Joint Library Facility
|d Remote Storage
|e HF5001 .H3 [microfilm]
|h Library of Congress classification
|i unmediated -- volume
|k v.59
|l 1981 [microfilm]
|m A14843577033
|p ric
|s JLF
|t 0
|
| 952 |
f |
f |
|a Texas A&M University
|b Rellis Campus
|c Joint Library Facility
|d Remote Storage
|e HF5001 .H3 [microfilm]
|h Library of Congress classification
|i unmediated -- volume
|k v.36-37
|l 1958-1959 [microfilm]
|m A14843577207
|p ric
|s JLF
|t 0
|
| 952 |
f |
f |
|a Texas A&M University
|b Rellis Campus
|c Joint Library Facility
|d Remote Storage
|e HF5001 .H3 [microfilm]
|h Library of Congress classification
|i unmediated -- volume
|k v.58
|l 1980 [microfilm]
|m A14843577041
|p ric
|s JLF
|t 0
|
| 952 |
f |
f |
|a Texas A&M University
|b Rellis Campus
|c Joint Library Facility
|d Remote Storage
|e HF5001 .H3 [microfilm]
|h Library of Congress classification
|i unmediated -- volume
|k v.55
|l 1977 [microfilm]
|m A14843577074
|p ric
|s JLF
|t 0
|
| 952 |
f |
f |
|a Texas A&M University
|b Rellis Campus
|c Joint Library Facility
|d Remote Storage
|e HF5001 .H3 [microfilm]
|h Library of Congress classification
|i unmediated -- volume
|k v.40-41
|l 1962-1963 [microfilm]
|m A14843577181
|p ric
|s JLF
|t 0
|
| 952 |
f |
f |
|a Texas A&M University
|b Rellis Campus
|c Joint Library Facility
|d Remote Storage
|e HF5001 .H3 [microfilm]
|h Library of Congress classification
|i unmediated -- volume
|k v.33-35
|l 1955-1957 [microfilm]
|m A14843577116
|p ric
|s JLF
|t 0
|
| 952 |
f |
f |
|a Texas A&M University
|b Rellis Campus
|c Joint Library Facility
|d Remote Storage
|e HF5001 .H3 [microfilm]
|h Library of Congress classification
|i unmediated -- volume
|k v.56
|l 1978 [microfilm]
|m A14843577066
|p ric
|s JLF
|t 0
|
| 952 |
f |
f |
|a Texas A&M University
|b Rellis Campus
|c Joint Library Facility
|d Remote Storage
|e HF5001 .H3 [microfilm]
|h Library of Congress classification
|i unmediated -- volume
|k v.62
|l 1984 [microfilm]
|m A14843577009
|p ric
|s JLF
|t 0
|
| 952 |
f |
f |
|a Texas A&M University
|b Rellis Campus
|c Joint Library Facility
|d Remote Storage
|e HF5001 .H3 [microfilm]
|h Library of Congress classification
|i unmediated -- volume
|k v.51-53
|l 1973-1975 [microfilm]
|m A14843577157
|p ric
|s JLF
|t 0
|
| 952 |
f |
f |
|a Texas A&M University
|b Rellis Campus
|c Joint Library Facility
|d Remote Storage
|e HF5001 .H3 [microfilm]
|h Library of Congress classification
|i unmediated -- volume
|k v.60
|l 1982 [microfilm]
|m A14843577025
|p ric
|s JLF
|t 0
|
| 952 |
f |
f |
|a Texas A&M University
|b Rellis Campus
|c Joint Library Facility
|d Remote Storage
|e HF5001 .H3 [microfilm]
|h Library of Congress classification
|i unmediated -- volume
|k v.66
|l 1988 [microfilm]
|m A14843576712
|p ric
|s JLF
|t 0
|
| 952 |
f |
f |
|a Texas A&M University
|b Rellis Campus
|c Joint Library Facility
|d Remote Storage
|e HF5001 .H3 [microfilm]
|h Library of Congress classification
|i unmediated -- volume
|k v.63
|l 1985 [microfilm]
|m A14843576993
|p ric
|s JLF
|t 0
|
| 952 |
f |
f |
|a Texas A&M University
|b Rellis Campus
|c Joint Library Facility
|d Remote Storage
|e HF5001 .H3 [microfilm]
|h Library of Congress classification
|i unmediated -- volume
|k v.45-47
|l 1967-1969 [microfilm]
|m A14843577173
|p ric
|s JLF
|t 0
|
| 952 |
f |
f |
|a Texas A&M University
|b Rellis Campus
|c Joint Library Facility
|d Remote Storage
|e HF5001 .H3 [microfilm]
|h Library of Congress classification
|i unmediated -- volume
|k v.29-32
|l 1951-1954 [microfilm]
|m A14843577124
|p ric
|s JLF
|t 0
|
| 952 |
f |
f |
|a Texas A&M University
|b Rellis Campus
|c Joint Library Facility
|d Remote Storage
|e HF5001 .H3 [microfilm]
|h Library of Congress classification
|i unmediated -- volume
|k v.42-44
|l 1964-1966 [microfilm]
|m A14843577140
|p ric
|s JLF
|t 0
|
| 952 |
f |
f |
|a Texas A&M University
|b Rellis Campus
|c Joint Library Facility
|d Remote Storage
|e HF5001 .H3 [microfilm]
|h Library of Congress classification
|i unmediated -- volume
|k v.57
|l 1979 [microfilm]
|m A14843577058
|p ric
|s JLF
|t 0
|
| 952 |
f |
f |
|a Texas A&M University
|b Rellis Campus
|c Joint Library Facility
|d Remote Storage
|e HF5001 .H3 [microfilm]
|h Library of Congress classification
|i unmediated -- volume
|k v.65
|l 1987 [microfilm]
|m A14843576977
|p ric
|s JLF
|t 0
|
| 952 |
f |
f |
|a Texas A&M University
|b Rellis Campus
|c Joint Library Facility
|d Remote Storage
|e HF5001 .H3 [microfilm]
|h Library of Congress classification
|i unmediated -- volume
|k v.64
|l 1986 [microfilm]
|m A14843576985
|p ric
|s JLF
|t 0
|
| 952 |
f |
f |
|a Texas A&M University
|b Rellis Campus
|c Joint Library Facility
|d Remote Storage
|e HF5001 .H3 [microfilm]
|h Library of Congress classification
|i unmediated -- volume
|k v.48-50
|l 1970-1972 [microfilm]
|m A14843577165
|p ric
|s JLF
|t 0
|
| 952 |
f |
f |
|a Texas A&M University
|b Rellis Campus
|c Joint Library Facility
|d Remote Storage
|e HF5001 .H3 [microfilm]
|h Library of Congress classification
|i unmediated -- volume
|k v.61
|l 1983 [microfilm]
|m A14843577017
|p ric
|s JLF
|t 0
|
| 952 |
f |
f |
|a Texas A&M University
|b Rellis Campus
|c Joint Library Facility
|d Remote Storage
|e HF5001 .H3 [microfilm]
|h Library of Congress classification
|i unmediated -- volume
|k v.54
|l 1976 [microfilm]
|m A14843577082
|p ric
|s JLF
|t 0
|
| 952 |
f |
f |
|a Texas A&M University
|b Rellis Campus
|c Joint Library Facility
|d Remote Storage
|e HF5001 .H3 [microfilm]
|h Library of Congress classification
|i unmediated -- volume
|k v.25-28
|l 1946:autumn-1950:Dec.
|m A14843576720
|p ric
|s JLF
|t 0
|
| 952 |
f |
f |
|a Texas A&M University
|b Rellis Campus
|c Joint Library Facility
|d Remote Storage
|e HF5001 .H3 [microfilm]
|h Library of Congress classification
|i unmediated -- volume
|k v.38-39
|l 1960-1961 [microfilm]
|m A14843577199
|p ric
|s JLF
|t 0
|
| 998 |
f |
f |
|a HF5001 .H3 [microfilm]
|s v.25-66 (1946-1988)
|t 0
|l Remote Storage
|